| 000 | 00733 a2200193 4500 | ||
|---|---|---|---|
| 001 | 28971 | ||
| 005 | 20260407155558.0 | ||
| 008 | 260407a1969 arg spa d | ||
| 003 | AR-UNSa-BCEJYS | ||
| 040 |
_aAR-UNSa-BCEJYS _bspa _cAR-UNSa-BCEJYS |
||
| 080 |
_a657 _xContabilidad |
||
| 245 | 1 | 0 | _aContabilidad para abogados |
| 264 | 1 |
_aBuenos Aires : _bAstrea _c1969 |
|
| 300 |
_a278 p. _c24 cm. |
||
| 505 | _a1. Contabilidad - 2. Registración contable - 3. Los libros - 4. Patrimonio - 5. Inventarios - 6. Inventario final de ejercicio - 7. Estado de resultado - 8. El capital propio - 9. Análisis e interpretación de estados contables | ||
| 942 | _cBK | ||
| 590 | _aniveau_biblio:m niveau_hierar:0 | ||
| 100 | 1 | _aQuian, Roberto J. | |
| 999 |
_c1768 _d1768 |
||